| 000 | 00688cam a22002531 4500 | ||
|---|---|---|---|
| 001 | 10265835 | ||
| 003 | ARRUPE | ||
| 005 | 20131205182054.0 | ||
| 008 | 750829s1955 xx 000 0 eng | ||
| 010 | _a 55003372 | ||
| 015 | _aGB55-8249 | ||
| 035 | _a(OCoLC)1581370 | ||
| 040 |
_aDLC _cFM _dUk _dDLC |
||
| 042 | _apremarc | ||
| 050 | 0 | 0 | _aSPC DT981.M3 1955 |
| 082 | _a916.89 | ||
| 100 | 1 |
_aMacDonald, John Forrest. _95246 |
|
| 245 | 1 | 0 | _aZambesi River. |
| 260 |
_aLondon, _bMacmillan; _aNew York, _bSt. Martin's Press, _c1955. |
||
| 300 |
_a239 p. _c23 cm. |
||
| 651 | 0 |
_aZambezi River. _95247 |
|
| 906 |
_a7 _bcbc _coclcrpl _du _encip _f19 _gy-gencatlg |
||
| 942 |
_2lcc _cMONOGRAPH |
||
| 999 |
_c119113 _d119113 |
||